<?xml version="1.0" encoding="UTF-8"?>
<record
    xmlns:xsi="http://www.w3.org/2001/XMLSchema-instance"
    xsi:schemaLocation="http://www.loc.gov/MARC21/slim http://www.loc.gov/standards/marcxml/schema/MARC21slim.xsd"
    xmlns="http://www.loc.gov/MARC21/slim">

  <leader>00641nam a22002057a 4500</leader>
  <datafield tag="999" ind1=" " ind2=" ">
    <subfield code="c">65630</subfield>
    <subfield code="d">65604</subfield>
  </datafield>
  <controlfield tag="003">OSt</controlfield>
  <controlfield tag="005">20181106130224.0</controlfield>
  <controlfield tag="008">181106b           ||||| |||| 00| 0 eng d</controlfield>
  <datafield tag="020" ind1=" " ind2=" ">
    <subfield code="a">9780007506071</subfield>
  </datafield>
  <datafield tag="040" ind1=" " ind2=" ">
    <subfield code="a">DLC</subfield>
    <subfield code="c">DLC</subfield>
    <subfield code="d">DLC</subfield>
  </datafield>
  <datafield tag="050" ind1=" " ind2=" ">
    <subfield code="a">PR 9387.9.A35</subfield>
    <subfield code="b">H35 2006</subfield>
  </datafield>
  <datafield tag="100" ind1=" " ind2=" ">
    <subfield code="9">15871</subfield>
    <subfield code="a">Adichie, Chimamanda Ngozi,</subfield>
    <subfield code="d">1977-</subfield>
  </datafield>
  <datafield tag="245" ind1=" " ind2=" ">
    <subfield code="a">Half of a yellow sun</subfield>
    <subfield code="c">Chimamanda Ngozi Adichie.</subfield>
  </datafield>
  <datafield tag="260" ind1=" " ind2=" ">
    <subfield code="a">London : </subfield>
    <subfield code="b">Fourth Estate, </subfield>
    <subfield code="c">c2006.</subfield>
  </datafield>
  <datafield tag="300" ind1=" " ind2=" ">
    <subfield code="a">433, 17 p. : ill</subfield>
  </datafield>
  <datafield tag="500" ind1=" " ind2=" ">
    <subfield code="a">[Africana]</subfield>
  </datafield>
  <datafield tag="651" ind1=" " ind2=" ">
    <subfield code="a">Nigeria</subfield>
    <subfield code="x">History</subfield>
    <subfield code="x">Civil war, 1967-1970</subfield>
    <subfield code="v">Fiction.</subfield>
    <subfield code="9">47744</subfield>
  </datafield>
  <datafield tag="651" ind1=" " ind2=" ">
    <subfield code="a">Nigeria</subfield>
    <subfield code="x">History</subfield>
    <subfield code="y">1960</subfield>
    <subfield code="v">Fiction.</subfield>
    <subfield code="9">47745</subfield>
  </datafield>
  <datafield tag="942" ind1=" " ind2=" ">
    <subfield code="2">lcc</subfield>
    <subfield code="c">AFR(G)</subfield>
  </datafield>
  <datafield tag="952" ind1=" " ind2=" ">
    <subfield code="0">0</subfield>
    <subfield code="1">0</subfield>
    <subfield code="2">lcc</subfield>
    <subfield code="4">0</subfield>
    <subfield code="7">0</subfield>
    <subfield code="8">FIC</subfield>
    <subfield code="a">CPL</subfield>
    <subfield code="b">CPL</subfield>
    <subfield code="c">GEN</subfield>
    <subfield code="d">2018-11-06</subfield>
    <subfield code="e">Purchase - Textbook Centre</subfield>
    <subfield code="g">10.50</subfield>
    <subfield code="l">9</subfield>
    <subfield code="m">1</subfield>
    <subfield code="o">FIC PR 9387.9.A35H35 2006</subfield>
    <subfield code="p">T15059W3232</subfield>
    <subfield code="r">2026-02-02 17:00:21</subfield>
    <subfield code="s">2026-01-22</subfield>
    <subfield code="t">1</subfield>
    <subfield code="w">2018-11-06</subfield>
    <subfield code="y">BK</subfield>
  </datafield>
  <datafield tag="952" ind1=" " ind2=" ">
    <subfield code="0">0</subfield>
    <subfield code="1">0</subfield>
    <subfield code="2">lcc</subfield>
    <subfield code="4">0</subfield>
    <subfield code="7">0</subfield>
    <subfield code="8">FIC</subfield>
    <subfield code="a">CPL</subfield>
    <subfield code="b">CPL</subfield>
    <subfield code="c">GEN</subfield>
    <subfield code="d">2018-11-06</subfield>
    <subfield code="e">Purchase - Textbook Centre</subfield>
    <subfield code="g">10.50</subfield>
    <subfield code="l">5</subfield>
    <subfield code="o">FIC PR 9387.9.A35H35 2006</subfield>
    <subfield code="p">T15058W3232</subfield>
    <subfield code="r">2019-11-08 00:00:00</subfield>
    <subfield code="s">2019-10-16</subfield>
    <subfield code="t">2</subfield>
    <subfield code="w">2018-11-06</subfield>
    <subfield code="y">BK</subfield>
  </datafield>
</record>
